000 00460cam a22001934a 4500
005 20250605164315.0
008 250528s ||||||||||||||||||||||||d
035 _a22654
020 _a9781403996855
040 _aGR-AtMCL
_bgre
_dGR-AtMCL
_eAACR2
245 1 _aCRITICAL THINKING SKILLS
250 _a1
260 _bPalgrave Macmillan,
_c2005
300 _a250
700 1 _aCottrell Stella
_97020
942 _cBK
999 _c7702
_d7702